[Event "10. Open Internacional de Galapagar"]
[Site "Galapagar ESP"]
[Date "2009.07.20"]
[Round "3.18"]
[White "Torres Samper, Rafael"]
[Black "Avendano Mateos, Jose"]
[Result "0-1"]
[WhiteElo "2061"]
[BlackElo "1925"]
[PlyCount "152"]
[EventDate "2009.07.18"]
[EventType "swiss"]
[EventRounds "9"]
[EventCountry "ESP"]
[Source "lmi"]
[SourceDate "2009.07.18"]

1. e4 c6 2. d4 d5 3. Nc3 dxe4 4. Nxe4 Nd7 5. Ng5 Ngf6 6. Bd3 e6 7. N1f3 Bd6 8.
Qe2 Qe7 9. Ne5 O-O 10. O-O c5 11. c3 h6 12. Nxd7 Bxd7 13. dxc5 Bxc5 14. Ne4 Bc6
15. Nxc5 Qxc5 16. Be3 Qe7 17. Bd4 Rfd8 18. Bc2 Rd5 19. Rad1 b6 20. Be3 Rad8 21.
Rxd5 Nxd5 22. Bc1 Nf6 23. Rd1 Rxd1+ 24. Qxd1 Bd5 25. Qd4 e5 26. Qe3 Qe6 27. b3
Ng4 28. Qe2 f5 29. c4 Bc6 30. Bb2 e4 31. h3 Nf6 32. b4 Kh7 33. a4 Be8 34. a5
Bh5 35. f3 bxa5 36. bxa5 Qc6 37. g4 Bg6 38. gxf5 Qc5+ 39. Qf2 Qxf5 40. Bxf6
Qxf6 41. Bxe4 Qg5+ 42. Qg2 Qc1+ 43. Qf1 Qe3+ 44. Qf2 Qc1+ 45. Qf1 Qe3+ 46. Qf2
Qc1+ 47. Kh2 Qf4+ 48. Qg3 Qd2+ 49. Qg2 Qf4+ 50. Kh1 Bxe4 51. fxe4 Qc1+ 52. Kh2
Qxc4 53. Qf3 Qc7+ 54. Kg2 Qxa5 55. Qf4 Qg5+ 56. Kf3 Qxf4+ 57. Kxf4 Kg6 58. Ke5
Kf7 59. Kd6 Ke8 60. h4 a5 61. Kc5 Ke7 62. Kb5 Ke6 63. Kxa5 Ke5 64. Kb4 Kxe4 65.
h5 Kf5 66. Kc4 Kg5 67. Kd3 Kxh5 68. Ke3 Kg4 69. Kf2 g5 70. Kg2 h5 71. Kh2 Kf3
72. Kg1 Kg3 73. Kh1 Kf2 74. Kh2 g4 75. Kh1 h4 76. Kh2 g3+ 0-1

[Event "10. Open Internacional de Galapagar"]
[Site "Galapagar ESP"]
[Date "2009.07.20"]
[Round "3.19"]
[White "Paarup, Torsten"]
[Black "Pareja Alvarez, Diego"]
[Result "1-0"]
[WhiteElo "2029"]
[BlackElo "1906"]
[PlyCount "55"]
[EventDate "2009.07.18"]
[EventType "swiss"]
[EventRounds "9"]
[EventCountry "ESP"]
[Source "lmi"]
[SourceDate "2009.07.18"]

1. d4 Nf6 2. c4 g6 3. Nc3 Bg7 4. e4 d6 5. Nf3 O-O 6. Be2 e5 7. d5 a5 8. Bg5 h6
9. Bh4 Na6 10. O-O Qe8 11. Nd2 Nh7 12. a3 f5 13. f3 Bd7 14. b3 f4 15. Rb1 Rf7
16. b4 axb4 17. axb4 Bf8 18. Bf2 b6 19. Qb3 Bc8 20. Ra1 Bb7 21. Ra2 Nb8 22.
Rxa8 Bxa8 23. Ra1 Nd7 24. Nb5 Ndf6 25. c5 Qd8 26. c6 Be7 27. Ra7 Ne8 28. Qa2
1-0

[Event "10. Open Internacional de Galapagar"]
[Site "Galapagar ESP"]
[Date "2009.07.20"]
[Round "3.20"]
[White "Ruiz de Alegria Garcia, Carlos"]
[Black "Semprun Martinez, Fernando"]
[Result "0-1"]
[WhiteElo "1909"]
[BlackElo "2179"]
[PlyCount "42"]
[EventDate "2009.07.18"]
[EventType "swiss"]
[EventRounds "9"]
[EventCountry "ESP"]
[Source "lmi"]
[SourceDate "2009.07.18"]

1. d4 Nf6 2. c4 g6 3. Nc3 d5 4. cxd5 Nxd5 5. e4 Nxc3 6. bxc3 Bg7 7. Bc4 O-O 8.
Ne2 c5 9. O-O Nc6 10. Be3 Na5 11. Bb3 cxd4 12. cxd4 Bd7 13. Rc1 Bb5 14. Re1 Qd7
15. d5 Nxb3 16. Qxb3 Rfc8 17. Nd4 Ba4 18. Qb4 Bf8 19. e5 a5 20. e6 axb4 21.
exd7 Bxd7 0-1

[Event "10. Open Internacional de Galapagar"]
[Site "Galapagar ESP"]
[Date "2009.07.20"]
[Round "3.21"]
[White "Moreno Ruiz, Javier"]
[Black "Bolea Jover, Jose"]
[Result "1-0"]
[WhiteElo "2418"]
[BlackElo "1879"]
[PlyCount "89"]
[EventDate "2009.07.18"]
[EventType "swiss"]
[EventRounds "9"]
[EventCountry "ESP"]
[Source "lmi"]
[SourceDate "2009.07.18"]

1. c4 c6 2. g3 Nf6 3. Bg2 d5 4. Nf3 g6 5. b3 Bg7 6. Bb2 O-O 7. O-O Nbd7 8. Qc2
e6 9. d3 Re8 10. Nc3 b6 11. e4 dxe4 12. dxe4 e5 13. Rad1 Qc7 14. b4 Bb7 15. Ne1
a5 16. a3 Nf8 17. Nd3 Ne6 18. Ne2 Nd4 19. Nxd4 exd4 20. e5 Ng4 21. Bxd4 Nxe5
22. Qc3 axb4 23. axb4 Rad8 24. Nxe5 c5 25. Bxb7 cxd4 26. Qf3 Rxe5 27. Bd5 Rf5
28. Qb3 b5 29. Rc1 bxc4 30. Bxc4 Qb7 31. Rfd1 h5 32. Bd3 Rf3 33. b5 h4 34. Rc6
h3 35. Qc4 Qe7 36. b6 Rxf2 37. Kxf2 Qe3+ 38. Kf1 Qf3+ 39. Ke1 Qe3+ 40. Be2 Bh6
41. Rxg6+ Kh8 42. Rxh6+ Qxh6 43. Rxd4 Qxb6 44. Rh4+ Kg8 45. Qg4+ 1-0

[Event "10. Open Internacional de Galapagar"]
[Site "Galapagar ESP"]
[Date "2009.07.20"]
[Round "3.22"]
[White "Pascual Perdiguero, Jose Maria"]
[Black "Rodriguez Perez, Angel Mariano"]
[Result "0-1"]
[WhiteElo "1879"]
[BlackElo "2053"]
[PlyCount "74"]
[EventDate "2009.07.18"]
[EventType "swiss"]
[EventRounds "9"]
[EventCountry "ESP"]
[Source "lmi"]
[SourceDate "2009.07.18"]

1. c4 d6 2. Nf3 g6 3. g3 Bg7 4. Bg2 c5 5. Nc3 Nf6 6. O-O O-O 7. d3 Na6 8. Rb1
Rb8 9. Nb5 Qb6 10. a3 Bd7 11. Nc3 Bc6 12. e4 Nd7 13. Bg5 Qd8 14. Qd2 Nc7 15.
Nd5 Bxd5 16. exd5 Ne5 17. Rfe1 f6 18. Be3 b5 19. Nxe5 fxe5 20. Bg5 Qd7 21. Re4
Ne8 22. Rh4 Bf6 23. Bh3 Qb7 24. Be6+ Kh8 25. Qe3 Ng7 26. Rh3 Nxe6 27. dxe6 Qc8
28. Bxf6+ Rxf6 29. cxb5 Rxb5 30. b4 Qxe6 31. Rh4 Qf5 32. Rf1 g5 33. Rh5 h6 34.
f4 Qg4 35. Qf3 Qxf3 36. Rxf3 cxb4 37. axb4 Rxb4 0-1

[Event "10. Open Internacional de Galapagar"]
[Site "Galapagar ESP"]
[Date "2009.07.20"]
[Round "3.23"]
[White "Campos Calvo Sotelo, Javier"]
[Black "De Armentia Roldan, Benigno"]
[Result "1-0"]
[WhiteElo "2046"]
[BlackElo "1860"]
[PlyCount "67"]
[EventDate "2009.07.18"]
[EventType "swiss"]
[EventRounds "9"]
[EventCountry "ESP"]
[Source "lmi"]
[SourceDate "2009.07.18"]

1. d4 Nf6 2. Bg5 g6 3. Bxf6 exf6 4. c4 Bg7 5. g3 O-O 6. Bg2 f5 7. e3 d6 8. Ne2
Nd7 9. Nbc3 Nf6 10. O-O Re8 11. b4 c6 12. a4 Ne4 13. Qc2 Qe7 14. b5 h5 15. h4
Bd7 16. Rab1 Bh6 17. bxc6 Bxc6 18. d5 Bd7 19. Nxe4 fxe4 20. Rxb7 Bxa4 21. Qb2
Bg7 22. Qb4 a5 23. Qb6 Qd8 24. Nd4 Bxd4 25. Qxd4 Bc2 26. Bh3 Re7 27. Rxe7 Qxe7
28. Rc1 Bd3 29. c5 dxc5 30. Rxc5 a4 31. d6 Qd8 32. d7 f5 33. Qd6 Kg7 34. Rc6
1-0

[Event "10. Open Internacional de Galapagar"]
[Site "Galapagar ESP"]
[Date "2009.07.20"]
[Round "3.24"]
[White "Nieto Esteban, Manuel"]
[Black "Toranzo Fernandez, Dionisio"]
[Result "0-1"]
[WhiteElo "1809"]
[BlackElo "2045"]
[PlyCount "88"]
[EventDate "2009.07.18"]
[EventType "swiss"]
[EventRounds "9"]
[EventCountry "ESP"]
[Source "lmi"]
[SourceDate "2009.07.18"]

1. Nf3 Nf6 2. c4 e6 3. d4 b6 4. g3 Ba6 5. b3 Bb7 6. Bg2 Bb4+ 7. Nbd2 Bc3 8. Rb1
Bxd4 9. Bb2 Bxb2 10. Rxb2 Ne4 11. Nxe4 Bxe4 12. Qd4 Qf6 13. Rd2 Qxd4 14. Rxd4
Bb7 15. O-O d6 16. Ng5 Bxg2 17. Kxg2 h6 18. Ne4 Ke7 19. f4 Nd7 20. e3 a5 21.
Nc3 Kd8 22. Rfd1 Kc8 23. Kf3 h5 24. h3 Kb7 25. e4 f6 26. R4d2 Nc5 27. Rg1 Rag8
28. Ke3 g5 29. Rdg2 h4 30. g4 gxf4+ 31. Kxf4 Rg5 32. Ke3 Rhg8 33. Rf2 f5 34.
exf5 exf5 35. Rf4 Ne6 36. Rf2 fxg4 37. hxg4 Rxg4 38. Rh1 Rg3+ 39. Kd2 h3 40.
Ne4 R3g4 41. Ke3 Rh4 42. Rfh2 Re8 43. Nf6 Rf8 44. Ng4 Rxg4 0-1

[Event "10. Open Internacional de Galapagar"]
[Site "Galapagar ESP"]
[Date "2009.07.20"]
[Round "3.25"]
[White "Beltran de Heredia Eguiaz, Miguel A"]
[Black "Gonzalo Gonzalez, Francisco"]
[Result "1-0"]
[WhiteElo "2041"]
[BlackElo "1853"]
[PlyCount "135"]
[EventDate "2009.07.18"]
[EventType "swiss"]
[EventRounds "9"]
[EventCountry "ESP"]
[Source "lmi"]
[SourceDate "2009.07.18"]

1. e4 c5 2. Nf3 Nc6 3. d4 cxd4 4. Nxd4 d6 5. Nc3 Qb6 6. Nb3 g6 7. Be3 Qd8 8.
Qd2 Bg7 9. O-O-O h5 10. f3 Be6 11. Nd4 Nxd4 12. Bxd4 f6 13. Kb1 Bh6 14. Qf2 Qa5
15. f4 Rc8 16. a3 Bg7 17. e5 dxe5 18. fxe5 f5 19. Nb5 Nh6 20. Nxa7 Ng4 21. Qd2
Qxd2 22. Rxd2 Ra8 23. h3 Nxe5 24. Re2 Kf7 25. Nb5 Rhd8 26. b3 Rd5 27. c4 Rxd4
28. Nxd4 Rxa3 29. Nxe6 Kxe6 30. Kb2 Ra7 31. Re1 Kf7 32. Kc2 Ra2+ 33. Kb1 Ra7
34. c5 Kf8 35. Rd1 Nc6 36. Bc4 Ra1+ 37. Kc2 Ra2+ 38. Kd3 Rxg2 39. Rhg1 Rh2 40.
Rh1 Ne5+ 41. Ke3 Bh6+ 42. Kd4 Nc6+ 43. Kd5 Rb2 44. Ke6 Be3 45. Kd7 Ne5+ 46. Ke6
Nxc4 47. Rd8+ Kg7 48. bxc4 Bxc5 49. Rhd1 Rc2 50. Kd5 b6 51. Ra8 Re2 52. Kc6 Re3
53. Rh1 f4 54. Rd8 f3 55. h4 f2 56. Rdd1 Rf3 57. Kd5 Rg3 58. Ke4 Rg1 59. Kf3 e5
60. Ke4 Bd4 61. Rf1 Kf6 62. Rhxg1 Kg7 63. Rg2 Kh6 64. Rgxf2 Bxf2 65. Rxf2 g5
66. hxg5+ Kxg5 67. Kxe5 Kg4 68. Kd6 1-0

[Event "10. Open Internacional de Galapagar"]
[Site "Galapagar ESP"]
[Date "2009.07.20"]
[Round "3.26"]
[White "Isasa Moreira, Conrado"]
[Black "Sotoca Aguado, Jose"]
[Result "0-1"]
[WhiteElo "1792"]
[BlackElo "2023"]
[PlyCount "92"]
[EventDate "2009.07.18"]
[EventType "swiss"]
[EventRounds "9"]
[EventCountry "ESP"]
[Source "lmi"]
[SourceDate "2009.07.18"]

1. Nf3 Nf6 2. d4 d5 3. g3 e6 4. c4 Be7 5. Bg2 O-O 6. O-O Nbd7 7. Qc2 c6 8. Nbd2
h6 9. e4 b6 10. e5 Ne8 11. b3 Bb7 12. Bb2 Rc8 13. Rac1 Nc7 14. Rfd1 a5 15. Qb1
Qe8 16. Nf1 c5 17. Ne3 dxc4 18. Nxc4 Bd5 19. dxc5 Bxc4 20. Rxc4 Nxc5 21. Nd2
Nd5 22. Ne4 Nxe4 23. Qxe4 Bc5 24. Bd4 Qe7 25. Bxc5 Rxc5 26. Bf1 Nc3 27. Rxc3
Rxc3 28. h4 Rc5 29. h5 Qg5 30. Bd3 g6 31. hxg6 Qxg6 32. Qxg6+ fxg6 33. Bxg6
Rxe5 34. Rd2 Kg7 35. Bc2 Rc8 36. Rd7+ Kf6 37. Bd3 Rd5 38. Rxd5 exd5 39. Kg2 Ke5
40. Kf3 Kd4 41. Bb5 Kc3 42. Ke3 d4+ 43. Ke4 Rd8 44. f4 d3 45. f5 d2 46. Be2
Re8+ 0-1

[Event "10. Open Internacional de Galapagar"]
[Site "Galapagar ESP"]
[Date "2009.07.20"]
[Round "3.27"]
[White "Ananian, Arman"]
[Black "Julian Sierra, Rogelio"]
[Result "0-1"]
[WhiteElo "1790"]
[BlackElo "2014"]
[PlyCount "56"]
[EventDate "2009.07.18"]
[EventType "swiss"]
[EventRounds "9"]
[EventCountry "ESP"]
[Source "lmi"]
[SourceDate "2009.07.18"]

1. e4 d5 2. exd5 Nf6 3. d4 Nxd5 4. c4 Nb6 5. Nc3 e5 6. d5 c6 7. Be3 cxd5 8.
Nxd5 Nxd5 9. Qxd5 Bb4+ 10. Bd2 Bxd2+ 11. Qxd2 Qxd2+ 12. Kxd2 Nc6 13. Nf3 Bf5
14. Be2 Rd8+ 15. Kc3 e4 16. Nd2 Nd4 17. Bd1 b5 18. Nxe4 O-O 19. Ng3 Bg6 20. b3
Nc6 21. Be2 b4+ 22. Kb2 Rd2+ 23. Kc1 Rc2+ 24. Kd1 Rd8+ 25. Ke1 Nd4 26. Bd1 Re8+
27. Kf1 Bd3+ 28. Kg1 Re1+ 0-1

[Event "10. Open Internacional de Galapagar"]
[Site "Galapagar ESP"]
[Date "2009.07.20"]
[Round "3.28"]
[White "Andalon Gomez, Carlos J"]
[Black "Gonzalez Ayuso, Gonzalo"]
[Result "1-0"]
[WhiteElo "2012"]
[BlackElo "1825"]
[PlyCount "81"]
[EventDate "2009.07.18"]
[EventType "swiss"]
[EventRounds "9"]
[EventCountry "ESP"]
[Source "lmi"]
[SourceDate "2009.07.18"]

1. d4 Nf6 2. c4 e5 3. dxe5 Ng4 4. Bf4 Nc6 5. Nf3 Bb4+ 6. Nbd2 Qe7 7. e3 Ngxe5
8. Nxe5 Nxe5 9. Be2 O-O 10. O-O d6 11. Nb3 Nd7 12. a3 Bc5 13. Nxc5 Nxc5 14. b4
Ne4 15. Bd3 Nf6 16. Re1 Bg4 17. f3 Be6 18. e4 Nd7 19. Qc2 Ne5 20. Bf1 Qf6 21.
Bg3 Qd8 22. Rad1 Qe8 23. f4 Nc6 24. f5 Bd7 25. c5 Ne5 26. cxd6 Ba4 27. Qc3 Bxd1
28. Bxe5 f6 29. Bg3 Ba4 30. b5 Bxb5 31. Qb3+ Kh8 32. Bxb5 c6 33. Bc4 Qd7 34.
Be6 Qd8 35. Qxb7 Qb6+ 36. Qxb6 axb6 37. Rc1 c5 38. Rb1 Rab8 39. d7 Rb7 40. Bd6
Rd8 41. Bxc5 1-0

[Event "10. Open Internacional de Galapagar"]
[Site "Galapagar ESP"]
[Date "2009.07.20"]
[Round "3.29"]
[White "Sanchez Delgado, Lidia"]
[Black "Madurga Lopez, Ignacio"]
[Result "1-0"]
[WhiteElo "2006"]
[BlackElo "1816"]
[PlyCount "55"]
[EventDate "2009.07.18"]
[EventType "swiss"]
[EventRounds "9"]
[EventCountry "ESP"]
[Source "lmi"]
[SourceDate "2009.07.18"]

1. e4 c5 2. Nf3 d6 3. d4 cxd4 4. Nxd4 Nf6 5. Nc3 a6 6. Bg5 e6 7. f4 Qc7 8. Qf3
Nc6 9. Nb3 b5 10. Bd3 Be7 11. O-O Bb7 12. Kh1 O-O 13. a3 Rac8 14. Qe2 h6 15.
Bh4 Nd7 16. Bf2 Bf6 17. Nd1 Nb6 18. c3 Na4 19. Bb1 g6 20. Ne3 Na5 21. Nxa5 Qxa5
22. Ng4 Bg7 23. f5 h5 24. f6 Bh8 25. Nh6+ Kh7 26. Qxh5 Bxf6 27. e5 Bxe5 28.
Nxf7+ 1-0

[Event "10. Open Internacional de Galapagar"]
[Site "Galapagar ESP"]
[Date "2009.07.20"]
[Round "3.30"]
[White "Cavalle Pulla, Daniel"]
[Black "Cerrato Torrijos, Maria"]
[Result "0-1"]
[WhiteElo "1785"]
[BlackElo "1992"]
[PlyCount "66"]
[EventDate "2009.07.18"]
[EventType "swiss"]
[EventRounds "9"]
[EventCountry "ESP"]
[Source "lmi"]
[SourceDate "2009.07.18"]

1. e4 c5 2. Nf3 d6 3. c3 Nf6 4. Be2 g6 5. h3 Bg7 6. O-O O-O 7. d3 Nc6 8. Be3
Bd7 9. Nbd2 Qb6 10. Qc2 Rac8 11. b4 a5 12. bxc5 dxc5 13. Rab1 Qa7 14. Nc4 b5
15. Rxb5 Nb4 16. Rxb4 axb4 17. cxb4 Ba4 18. Qc1 Bb5 19. Na3 Qa6 20. Nxb5 cxb4
21. Nc7 Qb7 22. Bf4 Ne8 23. Qc5 Nxc7 24. Qxe7 Rfe8 25. Qd7 Red8 26. Qa4 Ne6 27.
Bd2 Ra8 28. Qb3 Ra3 29. Qc4 Bc3 30. Bc1 Ra7 31. Be3 Ra5 32. Bd1 Rc8 33. Qd5
Rxd5 0-1

[Event "10. Open Internacional de Galapagar"]
[Site "Galapagar ESP"]
[Date "2009.07.20"]
[Round "3.31"]
[White "Ledo Galan, Jose Emilio"]
[Black "Garcia Ines Sanchez, Gustavo"]
[Result "1-0"]
[WhiteElo "1969"]
[BlackElo "1793"]
[PlyCount "45"]
[EventDate "2009.07.18"]
[EventType "swiss"]
[EventRounds "9"]
[EventCountry "ESP"]
[Source "lmi"]
[SourceDate "2009.07.18"]

1. d4 Nf6 2. c4 g6 3. Nc3 Bg7 4. e4 d6 5. f4 O-O 6. Be2 Nbd7 7. e5 dxe5 8. fxe5
Ne8 9. Nf3 b6 10. Bf4 e6 11. h4 Bb7 12. h5 Bxf3 13. Bxf3 Rb8 14. Qd2 f6 15.
hxg6 fxe5 16. Bh6 Bxh6 17. Qxh6 Ndf6 18. dxe5 Qd4 19. gxh7+ Kf7 20. Qxf8+ Kxf8
21. h8=Q+ Ke7 22. exf6+ Kd7 23. Rd1 1-0

[Event "10. Open Internacional de Galapagar"]
[Site "Galapagar ESP"]
[Date "2009.07.20"]
[Round "3.32"]
[White "Carrasco Espasandin, Pablo"]
[Black "Ruiz de Alegria Madariaga, Carlos"]
[Result "0-1"]
[WhiteElo "1785"]
[BlackElo "1965"]
[PlyCount "56"]
[EventDate "2009.07.18"]
[EventType "swiss"]
[EventRounds "9"]
[EventCountry "ESP"]
[Source "lmi"]
[SourceDate "2009.07.18"]

1. d4 d5 2. Nf3 Nf6 3. e3 e6 4. c4 c5 5. Nc3 Nc6 6. cxd5 exd5 7. Bb5 a6 8.
Bxc6+ bxc6 9. O-O Bd6 10. dxc5 Bxc5 11. Qa4 Qc7 12. Nd4 Bd7 13. Re1 O-O 14. e4
Rfe8 15. Nf3 Ng4 16. Be3 Nxe3 17. fxe3 Rab8 18. Qc2 dxe4 19. Nxe4 Ba7 20. b3
Qf4 21. Nfg5 Bf5 22. Qxc6 Bxe4 23. Nxe4 Qxe4 24. Qc7 Bxe3+ 25. Kh1 Rbc8 26. Qg3
Qf4 27. Qh3 Bd4 28. Rf1 Bxa1 0-1

[Event "10. Open Internacional de Galapagar"]
[Site "Galapagar ESP"]
[Date "2009.07.20"]
[Round "3.33"]
[White "Fernandez Garcia, Ignacio"]
[Black "Garcia Ruiz Fuentes, Marcos"]
[Result "1-0"]
[WhiteElo "1958"]
[BlackElo "1762"]
[PlyCount "55"]
[EventDate "2009.07.18"]
[EventType "swiss"]
[EventRounds "9"]
[EventCountry "ESP"]
[Source "lmi"]
[SourceDate "2009.07.18"]

1. e4 c5 2. b3 Nc6 3. Bb2 Nf6 4. e5 Nd5 5. Nf3 b6 6. c4 Nf4 7. g3 Ne6 8. Bg2
Bb7 9. O-O Qc7 10. Re1 g6 11. Nc3 Bg7 12. Nd5 Qb8 13. d4 O-O 14. a3 Nc7 15.
Nxc7 Qxc7 16. d5 Nb8 17. Qe2 Qc8 18. Rad1 a5 19. a4 Na6 20. h4 h6 21. h5 Nb4
22. hxg6 fxg6 23. Nh4 g5 24. Ng6 Re8 25. e6 dxe6 26. Bxg7 Kxg7 27. Qh5 exd5 28.
Nxe7 1-0

[Event "10. Open Internacional de Galapagar"]
[Site "Galapagar ESP"]
[Date "2009.07.20"]
[Round "3.34"]
[White "Perez Cameselle, Francisco Jose"]
[Black "Navarro Martin, Carlos"]
[Result "0-1"]
[WhiteElo "1958"]
[BlackElo "1737"]
[PlyCount "66"]
[EventDate "2009.07.18"]
[EventType "swiss"]
[EventRounds "9"]
[EventCountry "ESP"]
[Source "lmi"]
[SourceDate "2009.07.18"]

1. e4 e5 2. Nf3 Nc6 3. d4 exd4 4. c3 dxc3 5. Nxc3 d6 6. Bc4 Nf6 7. O-O Be7 8.
Re1 O-O 9. a3 Bg4 10. h3 Bxf3 11. Qxf3 Ne5 12. Qe2 Nxc4 13. Qxc4 a6 14. Bf4 b5
15. Qe2 Re8 16. Rad1 Qb8 17. b4 Bf8 18. Qc2 a5 19. Nd5 Nxd5 20. exd5 Rxe1+ 21.
Rxe1 axb4 22. axb4 Qb7 23. Qd3 c6 24. dxc6 Qxc6 25. Rc1 Qb7 26. Kh2 h6 27. Qg3
Rc8 28. Rxc8 Qxc8 29. Bxd6 Bxd6 30. Qxd6 Qc4 31. Qc5 Qxc5 32. bxc5 Kf8 33. Kg3
b4 0-1

[Event "10. Open Internacional de Galapagar"]
[Site "Galapagar ESP"]
[Date "2009.07.20"]
[Round "3.35"]
[White "Diaz Begonte, Manuel"]
[Black "Osorio Ramos, Francisco"]
[Result "1/2-1/2"]
[WhiteElo "1782"]
[BlackElo "1953"]
[PlyCount "72"]
[EventDate "2009.07.18"]
[EventType "swiss"]
[EventRounds "9"]
[EventCountry "ESP"]
[Source "lmi"]
[SourceDate "2009.07.18"]

1. e4 c5 2. d4 cxd4 3. c3 dxc3 4. Nxc3 Nc6 5. Nf3 e6 6. Bc4 a6 7. O-O Nge7 8.
Bg5 f6 9. Bf4 Ng6 10. Bg3 Be7 11. a3 O-O 12. Rc1 Nge5 13. Ba2 b5 14. Nd4 Qb6
15. Nxc6 Nxc6 16. Nd5 exd5 17. exd5 Kh8 18. dxc6 dxc6 19. Re1 Ra7 20. Qh5 c5
21. Bb1 f5 22. Re5 Qg6 23. Qe2 Bd6 24. Rd5 Bxg3 25. hxg3 c4 26. Qe5 Raf7 27.
Re1 h6 28. Rd6 Rf6 29. Rxf6 gxf6 30. Qd6 Kg7 31. Qc7+ Kg8 32. Re7 Re8 33. g4
Rxe7 34. Qxe7 Qf7 35. Qd8+ Qf8 36. Qd5+ Qf7 1/2-1/2

[Event "10. Open Internacional de Galapagar"]
[Site "Galapagar ESP"]
[Date "2009.07.20"]
[Round "3.36"]
[White "Algaba Traspuesto, Jose Antonio"]
[Black "Camarero Izquierdo, Juan Carlos"]
[Result "1-0"]
[WhiteElo "1746"]
[BlackElo "1950"]
[PlyCount "67"]
[EventDate "2009.07.18"]
[EventType "swiss"]
[EventRounds "9"]
[EventCountry "ESP"]
[Source "lmi"]
[SourceDate "2009.07.18"]

1. c4 Nf6 2. Nc3 g6 3. g3 Bg7 4. Bg2 O-O 5. Nf3 d6 6. d3 e5 7. Bg5 h6 8. Bxf6
Bxf6 9. O-O Nd7 10. Rb1 a5 11. a3 Bg7 12. b4 f5 13. Nd2 Nf6 14. Qb3 c6 15. b5
Qe8 16. bxc6 bxc6 17. Qb6 Bd7 18. Qc7 Qe7 19. Rb7 Kh7 20. Bxc6 Rfc8 21. Qb6 Qe6
22. Bg2 Ng4 23. Nd5 e4 24. Nc7 Rxc7 25. Qxc7 Nf6 26. dxe4 Re8 27. Qxa5 fxe4 28.
Qa7 Rg8 29. Nxe4 Nxe4 30. Rxd7 Nc5 31. Re7 Qxc4 32. Rd1 Ne6 33. Bd5 Qxe2 34.
Rf1 1-0

[Event "10. Open Internacional de Galapagar"]
[Site "Galapagar ESP"]
[Date "2009.07.20"]
[Round "3.37"]
[White "Baeza Escudero, Javier"]
[Black "Garcia Burguillo, Javier"]
[Result "0-1"]
[WhiteElo "1946"]
[BlackElo "1702"]
[PlyCount "86"]
[EventDate "2009.07.18"]
[EventType "swiss"]
[EventRounds "9"]
[EventCountry "ESP"]
[Source "lmi"]
[SourceDate "2009.07.18"]

1. e4 d5 2. exd5 Qxd5 3. Nc3 Qa5 4. d4 Nf6 5. Nf3 c6 6. Ne5 Bf5 7. Bc4 e6 8.
O-O Bd6 9. Re1 Qc7 10. Bf4 Nbd7 11. Nxd7 Bxf4 12. Nxf6+ gxf6 13. g3 Bd6 14. d5
O-O-O 15. dxc6 Bxg3 16. cxb7+ Kb8 17. Qe2 Bxh2+ 18. Kh1 Rhg8 19. Bd3 Bg4 20. f3
Bh3 21. Qxh2 Bg2+ 22. Qxg2 Rxg2 23. Kxg2 Rg8+ 24. Kf2 Qh2+ 25. Ke3 Qe5+ 26. Kd2
Rg2+ 27. Ne2 Qf4+ 28. Kc3 Qc7+ 29. Kb3 Qxb7+ 30. Ka3 Rg5 31. b4 a5 32. Rab1 Ka7
33. b5 Qxf3 34. Nd4 Qd5 35. Nc6+ Kb6 36. Rb3 h5 37. Re4 Rg4 38. Re3 Qc5+ 39.
Kb2 Qxe3 40. Ra3 Qc5 41. Nxa5 Qxa3+ 42. Kxa3 Kxa5 43. Kb3 h4 0-1

[Event "10. Open Internacional de Galapagar"]
[Site "Galapagar ESP"]
[Date "2009.07.20"]
[Round "3.38"]
[White "Campomanes Rodriguez, Javier"]
[Black "Beltran de Heredia y Alonso, Miguel"]
[Result "0-1"]
[WhiteElo "1708"]
[BlackElo "1931"]
[PlyCount "114"]
[EventDate "2009.07.18"]
[EventType "swiss"]
[EventRounds "9"]
[EventCountry "ESP"]
[Source "lmi"]
[SourceDate "2009.07.18"]

1. d4 Nf6 2. c4 g6 3. Nf3 Bg7 4. Nc3 O-O 5. g3 d6 6. Bg2 Nbd7 7. O-O c5 8. d5
Ng4 9. e4 Nge5 10. Nxe5 Nxe5 11. Qe2 a6 12. h3 Rb8 13. f4 Nd7 14. a4 Qb6 15.
Rf3 Bd4+ 16. Kh2 Qb4 17. Bf1 Qb6 18. Qc2 h5 19. Ne2 Bg7 20. Rb3 Qd8 21. a5 Nf6
22. Bd2 Re8 23. Nc3 e6 24. Bd3 Qd7 25. Bf1 exd5 26. exd5 Qf5 27. Qxf5 Bxf5 28.
Re1 Rxe1 29. Bxe1 Bc2 30. Rb6 Bf8 31. Bf2 Nd7 32. Na2 Nxb6 33. axb6 a5 34. Be1
Bg7 35. Nc3 Bxc3 36. Bxc3 a4 37. Kg1 Re8 38. Kf2 Re4 39. Be2 f5 40. h4 Bb3 41.
Bd3 Re8 42. Bf6 Kf7 43. Bc3 Ra8 44. Ke3 Ra6 45. Kd2 Rxb6 46. Ba5 Ra6 47. Bc3 a3
48. bxa3 Ra4 49. Kc1 Bxc4 50. Bxc4 Rxc4 51. Kb2 Re4 52. Bd2 Rd4 53. Kc3 Rxd5
54. Be3 b5 55. Bf2 Rd1 56. Kc2 Rf1 57. Be3 Rf3 0-1

[Event "10. Open Internacional de Galapagar"]
[Site "Galapagar ESP"]
[Date "2009.07.20"]
[Round "3.40"]
[White "Olias Munoz, Francisco"]
[Black "Garcia Hernandez, Javier"]
[Result "1-0"]
[WhiteElo "1929"]
[BlackElo "1650"]
[PlyCount "107"]
[EventDate "2009.07.18"]
[EventType "swiss"]
[EventRounds "9"]
[EventCountry "ESP"]
[Source "lmi"]
[SourceDate "2009.07.18"]

1. e4 e6 2. d4 d5 3. e5 c5 4. c3 Nc6 5. Nf3 Qb6 6. a3 a5 7. Be2 cxd4 8. cxd4
Nh6 9. Nc3 Nf5 10. Na4 Qa7 11. Be3 Bd7 12. g4 Nxe3 13. fxe3 Be7 14. O-O f6 15.
exf6 Bxf6 16. Nc5 Bc8 17. Bb5 O-O 18. Rc1 Qb8 19. Qc2 g6 20. Nd3 Bd7 21. Bxc6
Bxc6 22. g5 Bg7 23. Nfe5 Rxf1+ 24. Rxf1 Bb5 25. Rc1 Bxd3 26. Nxd3 e5 27. Qc5
exd4 28. Qxd5+ Kh8 29. exd4 Qd8 30. Qxd8+ Rxd8 31. Ne5 Kg8 32. Rc5 b6 33. Rb5
Rxd4 34. Nc6 Rd2 35. b3 Rd6 36. Ne5 Re6 37. Nc4 Kf7 38. Kg2 Bd4 39. Rd5 Bc5 40.
Rd7+ Re7 41. Rxe7+ Kxe7 42. Kf3 Ke6 43. Ke4 Bg1 44. h3 Bc5 45. a4 Bg1 46. Ne5
Bc5 47. Nd3 Be7 48. Nf4+ Kd6 49. h4 Kc5 50. Nd5 Bd6 51. Nf6 Kb4 52. Nxh7 Kxb3
53. h5 gxh5 54. g6 1-0

[Event "10. Open Internacional de Galapagar"]
[Site "Galapagar ESP"]
[Date "2009.07.20"]
[Round "3.42"]
[White "Castillo Sanz, Javier"]
[Black "Garcia Sanchez Navarro, Mariano"]
[Result "1-0"]
[WhiteElo "1921"]
[BlackElo "1600"]
[PlyCount "85"]
[EventDate "2009.07.18"]
[EventType "swiss"]
[EventRounds "9"]
[EventCountry "ESP"]
[Source "lmi"]
[SourceDate "2009.07.18"]

1. c4 c5 2. Nc3 Nc6 3. g3 b6 4. Bg2 Bb7 5. d3 Nf6 6. a3 g6 7. b4 Qc7 8. Nb5 Qc8
9. bxc5 a6 10. Nc3 bxc5 11. Rb1 Bg7 12. Na4 Qc7 13. Nxc5 Qa5+ 14. Bd2 Qxc5 15.
Rxb7 O-O 16. Nh3 Qxa3 17. O-O Rab8 18. Bxc6 dxc6 19. Bb4 Qa2 20. Rxb8 Rxb8 21.
Bxe7 Re8 22. Bxf6 Bxf6 23. e3 Rb8 24. Qf3 Kg7 25. Qxc6 Rb1 26. Nf4 Rxf1+ 27.
Kxf1 a5 28. Nd5 Be5 29. d4 Qb1+ 30. Ke2 Qc2+ 31. Kf3 Qf5+ 32. Nf4 Qf6 33. Qxf6+
Bxf6 34. Nd5 a4 35. Nc3 a3 36. Ke4 Bd8 37. Kd3 Ba5 38. c5 Bb4 39. c6 Bd6 40.
Kc2 Kf8 41. Nb5 Ke7 42. c7 Kd7 43. c8=Q+ 1-0